=LDR 00000nam 2200000 4500 =001 INLIS000000000039741 =005 20130612145342 =008 ***********************************ind** =035 ##$$0010-061300000039741 =041 ##$$a ind =082 ##$$a 664.8 =090 ##$$a 664.8, Ruk p.1 =100 ##$$a RUKMANA, Rahmat =245 ##$$a Panduan budi daya dan 19 ragam olahan mangga, Rahmat rukmana =260 ##$$a 2011 $b Yogyakarta =300 ##$$a iv,115 Hlm, Ilus, 21 cm =650 ##$$a MAKANAN OLAHAN -MANGGA =850 ##$$a NBPNMAT